| 000 | 00648nam a22001577a 4500 | ||
|---|---|---|---|
| 003 | OSt | ||
| 005 | 20150915105941.0 | ||
| 008 | 150915b xxu||||| |||| 00| 0 eng d | ||
| 040 | _cRUA | ||
| 082 | _aAGR SAM 1999 B024 Or.1 | ||
| 100 |
_9503 _aSAM, SAMANG. |
||
| 245 | _aStudy on JVC's sustainable agriculture project in angsnoul district kandal province ការសិក្សាកម្មវិធីកសិកម្មសមស្របរបស់អង្គការJVCនៅស្រុកអង្គស្នួល ខេត្ដកណ្ដាល | ||
| 260 |
_aPhnom Penh _bRUA _c1999 |
||
| 300 |
_a55p. _bill. _c29cm. |
||
| 942 |
_2ddc _cAGR |
||
| 999 |
_c483 _d483 |
||